01298nam a2200325Ia 4500001001200000003000800012006001900020007001500039008004100054010001700095020002800112020002800140040002100168035002100189050002700210082001500237100003500252245010000287260004300387300001500430490005300445504005100498533015200549650002200701650002300723655002900746710001700775830005400792856012600846ebr10167448CaPaEBRm u cr cn|||||||||060322s2006 nyu sb 001 0 eng d z 2006043253 z1403972729 (alk. paper) z1403972737 (alk. paper) aCaPaEBRcCaPaEBR a(OCoLC)19193495614aBJ1278.F45bT69 2006eb04a170.822221 aTownes, Emilie Maureen,d1955-10aWomanist ethics and the cultural production of evilh[electronic resource] /cEmilie M. Townes. aNew York :bPalgrave Macmillan,c2006. axv, 200 p.1 aBlack religion, womanist thought, social justice aIncludes bibliographical references and index. aElectronic reproduction.bPalo Alto, Calif. :cebrary,d2009.nAvailable via World Wide Web.nAccess may be limited to ebrary affiliated libraries. 0aChristian ethics. 0aWomanist theology. 7aElectronic books.2local2 aebrary, Inc. 0aBlack religion, womanist thought, social justice.40uhttp://site.ebrary.com/lib/rucke/Doc?id=10167448zAn electronic book accessible through the World Wide Web; click to view